000 00446nam a2200181Ia 4500
001 15674
005 20260306170213.0
008 260306t2016||||xx |||||||||||||| ||und||
041 _aESP
082 _a572
_bS83 V. 2
100 _aStryer, Lubert,
_eAUT
245 0 _aBioquímica :
_bcon aplicaciones clínicas
260 _c2016
300 _axx, páginas 705-1054 :
_c28 cm.
650 _aGEN
654 _aCCS
942 _cLIB
_dJUS
_fJUS
_2ddc
_n
999 _c15674
_d15674